000 01070nam a2200265Ia 4500
003 OSt
005 20220923211103.0
006 a|||||r|||| 00| 0
007 ta
008 220922b |||||||| |||| 00| 0 hin d
020 _a8179170225 (hbk)
_c850
024 _a262,133
037 _b69, 02/07/2012, Eastern Book Linkers
_cTextual
040 _aARTS
_cARTS
_bhin
041 _2hin
_ahin
082 _aW, 152P5
100 _aलास्की, हेराल्ड जें.; सिंह, विरेन्द्रपाल, अनु.
_9158049
245 0 _aराजनीति का व्याकरण
246 _aRājanīti kā vyākaraṇa
260 _aदिल्ली
_b ग्रंथ शिल्पी
_c2005
300 _a605पृ.
_ccm.
650 _aभारतीय राजनीति
_9156264
942 _hW, 152P5
_cTEXL
_2CC
999 _c295051
_d295051